Statistics for second overall pick nhl draft

Click here to take the quiz!

General Stats

  • This quiz has been taken 95 times
    (73 since last reset)
  • The average score is 16 of 55

Answer Stats

Year Team Answer % Correct
2016Winnipeg JetsPatrick Laine
89%
2004Pttsburgh PenguinsEvegeni Malkin
84%
2015Buffalo SabresJack Eichel
79%
2017Philidelphia FlyersNolan Patrick
77%
2013Florida PanthersAleksander Barkov
75%
2009Tampa Bay LightningVictor Hedman
75%
2008Los Angeles KingsDrew Doughty
74%
2011Colorado AvalancheGabriel Landeskog
69%
2006Pittsburgh PenguinsJordan Staal
64%
1999Vancouver CanucksDaniel Sedin
64%
2003Carolina HurricanesEric Staal
64%
2010Boston BruinsTyler Seguin
64%
2014Buffalo SabresSam Reinhart
62%
2000Atlanta ThrashersDany Heatley
57%
1997San Jose SharksPatrick Marleau
44%
2012Columbus Blue JacketsRyan Murray
44%
2001Ottawa SenatorsJason Spezza
44%
2005Mighty Ducks Of AnahiemBobby Ryan
43%
2007Philidelphia FlyersJames Van Riemsdyk
41%
1998Nashville PredatorsDavid Legwand
34%
1993Hartford WhalersChris Pronger
34%
1971Detroit Red WingsMarcel Dionne
26%
2002Atlanta ThrashersKari Lehtonen
26%
1992Ottawa SenatorsAlexei Yashin
25%
1988Vancouver CanucksTrevor Linden
25%
1987New Jersey DevilsBrendan Shanahan
23%
1991San Jose SharksPat Falloon
18%
1995New York IslandersWade Redden
18%
1981Los Angeles KingsDoug Smith
16%
1990Vanouver CanucksPetr Nedved
10%
1984New Jersey DevilsKirk Muller
10%
1986Los Angeles KingsJimmy Carson
8%
1980Winnipeg JetsDave Babych
8%
1966New York RangersBrad Park
8%
1982Minnesota North StarsBrian Bellows
7%
1973Atlanta FlamesTom Lysiak
5%
1972Atlanta FlamesJacques Richard
5%
1963Detroit Red WingsPeter Mahovlich
5%
1977Colorado RockiesBarry Beck
5%
1985Pittsburgh PenguinsCraig Simpson
5%
1983Hartford WhalersSylvain Turgeon
5%
1994Mighty Ducks Of AnahiemOleg Tverdovsky
5%
1970Vancouver CanucksDale Tallon
3%
1969Montreal CandiensMarc Tardif
3%
1974Kansas City ScoutsWilf Paiement
3%
1996San Jose SharksAndrei Zyuzin
3%
1979St Louis BluesPerry Turnbull
3%
1965Chicago Black HawksAndy Culligan
2%
1964Boston BruinsAlex Campbell
2%
1967Pittsburgh PenguinsSteve Rexe
2%
1968Montreal CanadiensRoger Belisle
2%
1989New York IslandersDave Chyzowski
2%
1976Pitssburgh PenguinsBlair Chapman
2%
1978Washington CaptialsRyan Walter
2%
1975Kansas City ScoutsBarry Dean
2%

Score Distribution

Percentile by Number Answered

Percent of People with Each Score

Your Score History

You have not taken this quiz since the last reset